00282nam a2200121Ia 4500008004100000041000800041082001200049100001300061245002600074260002700100300002600127365000700153240624s9999 xx 000 0 und d aeng a823 RAN aRAND AYN aVIRTUE OF SELFISHNESS c1964aNew YorkbSignet axii, : 173 : cm. ; 18 cRS